PADARTHA VIGNANA (Record no. 11292)

MARC details
000 -LEADER
fixed length control field 00292nam a22001337a 4500
003 - CONTROL NUMBER IDENTIFIER
control field SGT
082 ## - DEWEY DECIMAL CLASSIFICATION NUMBER
Classification number 615.53
Item number P16M
100 ## - MAIN ENTRY--PERSONAL NAME
Personal name MISHRA, YOGESH CHANDRA
245 ## - TITLE STATEMENT
Title PADARTHA VIGNANA
260 ## - PUBLICATION, DISTRIBUTION, ETC. (IMPRINT)
Place of publication, distribution, etc VARANSI
Name of publisher, distributor, etc CHAUKHAMBHA PUB
Year of Publication 2016
300 ## - PAGE DESCRIPTION
No. of Pages 606
650 ## - SUBJECT ADDED ENTRY--TOPICAL TERM
Topical term or geographic name as entry element AYURVEDA
942 ## - ADDED ENTRY ELEMENTS (KOHA)
Source of classification or shelving scheme Dewey Decimal Classification
Koha item type Books
942 ## - ADDED ENTRY ELEMENTS (KOHA)
-- 13
Holdings
Withdrawn status Lost status Source of classification or shelving scheme Damaged status Not for loan Collection code Home library Current library Shelving location Date acquired Vendor Name Cost, normal purchase price SGTU Bill Number Total Checkouts Full call number Accession No. (Barcode) Date last seen Date last borrowed Bill Date Koha item type
    Dewey Decimal Classification     AYURVEDA SGT FA-FP Library SGT FA-FP Library Text Book 23/03/2017 CHAUKHAMBHA PUB 395.00 SGTU CP/B/948 5 615.53 P16M FA5336 25/02/2026 25/02/2026 09/02/2017 Books
    Dewey Decimal Classification     AYURVEDA SGT FA-FP Library SGT FA-FP Library Text Book 23/03/2017 CHAUKHAMBHA PUB 395.00 SGTU CP/B/948   615.53 P16M FA5337 23/03/2017   09/02/2017 Books
    Dewey Decimal Classification     AYURVEDA SGT FA-FP Library SGT FA-FP Library Text Book 23/03/2017 CHAUKHAMBHA PUB 395.00 SGTU CP/B/948 3 615.53 P16M FA5338 05/06/2023 05/06/2023 09/02/2017 Books
    Dewey Decimal Classification     AYURVEDA SGT FA-FP Library SGT FA-FP Library Text Book 23/03/2017 CHAUKHAMBHA PUB 395.00 SGTU CP/B/948 4 615.53 P16M FA5339 02/05/2023 20/04/2023 09/02/2017 Books
    Dewey Decimal Classification     AYURVEDA SGT FA-FP Library SGT FA-FP Library Text Book 23/03/2017 CHAUKHAMBHA PUB 395.00 SGTU CP/B/948 2 615.53 P16M FA5340 23/09/2020 12/03/2020 09/02/2017 Books
    Dewey Decimal Classification     AYURVEDA SGT FA-FP Library SGT FA-FP Library Text Book 23/03/2017 CHAUKHAMBHA PUB 395.00 SGTU CP/B/948 6 615.53 P16M FA5341 18/01/2024 09/01/2024 09/02/2017 Books
    Dewey Decimal Classification     AYURVEDA SGT FA-FP Library SGT FA-FP Library Text Book 23/03/2017 CHAUKHAMBHA PUB 395.00 SGTU CP/B/948   615.53 P16M FA5342 23/03/2017   09/02/2017 Books
    Dewey Decimal Classification     AYURVEDA SGT FA-FP Library SGT FA-FP Library Text Book 23/03/2017 CHAUKHAMBHA PUB 395.00 SGTU CP/B/948 1 615.53 P16M FA5343 19/03/2018 03/03/2018 09/02/2017 Books
    Dewey Decimal Classification     AYURVEDA SGT FA-FP Library SGT FA-FP Library Text Book 23/03/2017 CHAUKHAMBHA PUB 395.00 SGTU CP/B/948 2 615.53 P16M FA5344 22/03/2023 17/03/2023 09/02/2017 Books
    Dewey Decimal Classification     AYURVEDA SGT FA-FP Library SGT FA-FP Library Text Book 23/03/2017 CHAUKHAMBHA PUB 395.00 SGTU CP/B/948 7 615.53 P16M FA5345 08/02/2022 05/02/2022 09/02/2017 Books